000 01230cam a22002054a 4500
005 20250605163955.0
008 250528s ||||||||||||||||||||||||d
035 _a15432
020 _a1858051061
040 _aGR-AtMCL
_bgre
_dGR-AtMCL
_eAACR2
245 1 _aManagement Information Systems / Seventh Edition
250 _a7th
260 _bDp Publications Ltd,
_c1995
300 _a314
520 _aThis book deals with the design and application of management information systems in private and public sector organizations. Preface, Management Information Systems - An Overview, Information and Data and Communication, System Concepts - Structure and Elements, System Concepts - Objectives and Types, Organizations - Scientific Management and the Classical School, Organizations - Human Relations School and the Contingency Approach, Organizations - Structure and Information, Management - Introduction and Function, Leadership and Organizing and Coordinating, Planning, Decision Making, Elements of Control, Control in Organizations, Information Technology and MIS, Computers and MIS, Influences on MIS Design, Answers, Index.
700 1 _aLucey Terry
_91176
942 _cBK
999 _c1012
_d1012